South Eastern Kenya University

Library Online Public Access Catalogue


Timeas and Critias (Record no. 16892)

MARC details
000 -LEADER
fixed length control field 00388nam a22001697a 4500
003 - CONTROL NUMBER IDENTIFIER
control field OSt
005 - DATE AND TIME OF LATEST TRANSACTION
control field 20180717125354.0
008 - FIXED-LENGTH DATA ELEMENTS--GENERAL INFORMATION
fixed length control field 180705b ||||| |||| 00| 0 eng d
020 ## - INTERNATIONAL STANDARD BOOK NUMBER
International Standard Book Number 0140442618
040 ## - CATALOGING SOURCE
Original cataloging agency SEKU
050 ## - LIBRARY OF CONGRESS CALL NUMBER
Classification number B 387
Item number .A5 L43
100 ## - MAIN ENTRY--PERSONAL NAME
Personal name Plato
245 ## - TITLE STATEMENT
Title Timeas and Critias
Statement of responsibility, etc. Plato
260 ## - PUBLICATION, DISTRIBUTION, ETC. (IMPRINT)
Place of publication, distribution, etc. London
Name of publisher, distributor, etc. Penguin
Date of publication, distribution, etc. 1977
300 ## - PHYSICAL DESCRIPTION
Extent 167p.
Other physical details ill.
942 ## - ADDED ENTRY ELEMENTS (KOHA)
Source of classification or shelving scheme Library of Congress Classification
Koha item type General circulation
Holdings
Withdrawn status Lost status Source of classification or shelving scheme Damaged status Not for loan Home library Current library Date acquired Total Checkouts Date last seen Price effective from Koha item type
    Library of Congress Classification     Kitui Town Campus Library Kitui Town Campus Library 05/07/2018   05/07/2018 05/07/2018 General circulation
    Library of Congress Classification     Kitui Town Campus Library Kitui Town Campus Library 05/07/2018   05/07/2018 05/07/2018 General circulation
    Library of Congress Classification     Kitui Town Campus Library Kitui Town Campus Library 05/07/2018   05/07/2018 05/07/2018 General circulation
    Library of Congress Classification     Kitui Town Campus Library Kitui Town Campus Library 05/07/2018   05/07/2018 05/07/2018 General circulation
    Library of Congress Classification     Kitui Town Campus Library Kitui Town Campus Library 05/07/2018   05/07/2018 05/07/2018 General circulation
    Library of Congress Classification     Kitui Town Campus Library Kitui Town Campus Library 05/07/2018   05/07/2018 05/07/2018 General circulation
Kitui, Kenya.
+254736116989
library@seku.ac.ke